000 00482nam a2200193Ia 4500
005 20240823025438.0
008 240823s9999||||xx |||||||||||||| ||und||
020 _a978-81-8472-032-7
041 _aENGLISH
082 _A515.62 P9
100 _aJalaludeen S Md
245 0 _aIntroduction of Finite Element Analysis
250 _a1st
260 _c2009
_bAnuradha Publica
500 _aYES
650 _aFinite Element Analysis
_bMathematics
942 _cBK
999 _c186339
_d186339